000
00249nam a2200097Ia 4500
008
220204s9999 xx 000 0 und d
082
_a
82-3
_b
KEK
100
_a
Keki N Daruwalla
245
0
_a
Sword and abyss: A collection of short stories
942
_c
BK
999
_c
29575
_d
29575